| 000 | 00645nam1a22002171i 4500 | ||
|---|---|---|---|
| 001 | rc\852104 | ||
| 005 | 20241118113527.0 | ||
| 035 | _a(NLR Aleph) 006238936 | ||
| 090 |
_a6648657 _c6648657 |
||
| 100 | _a20041129d1983 u |0rusy50 ca | ||
| 101 | 0 | _arus | |
| 102 | _aRU | ||
| 105 | _ay ||||||||| | ||
| 200 | 1 |
_aПереводная литература, изданная в Эстонской ССР... _eБиблиогр. указ. |
|
| 210 |
_aТаллин _cЭэсти раамат _d1983 |
||
| 215 | _d22 | ||
| 300 | _aОбл. на эст. яз. | ||
| 801 | 0 |
_aRU _bNLR _gpsbo |
|
| 801 | 1 |
_aRU _bELAR _2rusmarc |
|
| 852 |
_aNLR _bОНЛ |
||
| 942 | _cBOOK | ||